| 000 | 00422nam a2200133 a 4500 | ||
|---|---|---|---|
| 001 | 000037887 | ||
| 005 | 20250211094044.0 | ||
| 008 | 130307s2011 dr 000 0 spa d | ||
| 040 |
_aDO-SdBNP _bspa _cBNPHU |
||
| 245 | 0 | 3 |
_aLa reforma político-electoral : _bdebate /. |
| 260 |
_aSanto Domingo : _bCONARE, _c2011. |
||
| 300 |
_a130 p. ; _c23 cm. |
||
| 710 | 1 |
_aRepública Dominicana. Consejo Nacional de Reforma del Estado _964396 |
|
| 999 |
_c37377 _d37377 |
||